Central Library OPAC University of Rajshahi

Hegel and the modern state : (Record no. 36122)

MARC details
000 -LEADER
fixed length control field 00845nam a2200253 a 4500
001 - CONTROL NUMBER
control field 36122
003 - CONTROL NUMBER IDENTIFIER
rucl marc code BD-RjUL
005 - DATE AND TIME OF LATEST TRANSACTION
control field 20211209052434.0
008 - FIXED-LENGTH DATA ELEMENTS--GENERAL INFORMATION
fixed length control field 140616s1968 ii 001 0 eng d
035 ## - SYSTEM CONTROL NUMBER
System control number (BD-RjUL)36219
-- (OCoLC)ocm00530157
040 ## - CATALOGING SOURCE
Original cataloging agency CSU
Transcribing agency CSU
Modifying agency OCL
-- OCLCQ
-- MUQ
-- BD-RjUL
Language of cataloging eng
041 ## - LANGUAGE CODE
Language code of text/sound track or separate title eng
082 00 - DEWEY DECIMAL CLASSIFICATION NUMBER
Classification number 320.10924
Author mark and year MEH 1968
100 1# - MAIN ENTRY--PERSONAL NAME
Personal name Mehta, Vrajendra Raj,
Dates associated with a name 1944-
9 (RLIN) 109944
245 10 - TITLE STATEMENT
Title Hegel and the modern state :
Remainder of title an introduction to Hegel's political thought /
Statement of responsibility, etc. by V.R. Mehta.
260 ## - PUBLICATION, DISTRIBUTION, ETC. (IMPRINT)
Place of publication, distribution, etc. New Delhi :
Name of publisher, distributor, etc. Associated Pub. House,
Date of publication, distribution, etc. 1968.
300 ## - PHYSICAL DESCRIPTION
Pagination vii, 144 p. ;
Size 22 cm.
504 ## - BIBLIOGRAPHY, ETC. NOTE
Bibliography, etc Includes bibliography, p. 138-141, and index.
600 10 - SUBJECT ADDED ENTRY--PERSONAL NAME
Personal name Hegel, Georg Wilhelm Friedrich,
Dates associated with a name 1770-1831.
650 #0 - SUBJECT ADDED ENTRY--TOPICAL TERM
Topical term or geographic name as entry element State, The.
9 (RLIN) 109946
942 ## - ADDED ENTRY ELEMENTS (KOHA)
Source of classification or shelving scheme Dewey Decimal Classification
Koha item type Books
Holdings
Lost status Source of classification or shelving scheme Damaged status Not for loan Collection code Permanent Location Current Location Shelving location Date acquired Source of acquisition Cost, normal purchase price Total Checkouts Full call number Date last seen Copy number Koha item type
  Dewey Decimal Classification   Not For Loan Non-fiction Central Library, University of Rajshahi Central Library, University of Rajshahi Reading Room 26/08/1986 A. B. A. Cal. 25.00   320.10924 MEH 1968 16/06/2014 C-1 Books
  Dewey Decimal Classification     Non-fiction Central Library, University of Rajshahi Central Library, University of Rajshahi   26/08/1986 A. B. A. Cal. 25.00   320.10924 MEH 1968 16/06/2014 C-3 Books
  Dewey Decimal Classification     Non-fiction Central Library, University of Rajshahi Central Library, University of Rajshahi   26/08/1984 A. B. A. Cal. 25.00   320.10924 MEH 1968 10/08/2016 C-2 Books